000 01131nam a2200313 a 4500
001 000037370
003 DO-SdBNP
005 20250410100800.0
008 120328s1981 sp 000 0 spa d
020 _z8400049888(v.1)
020 _a8400057511(v.3)
020 _a8400063333(v.4)
020 _a8400071360(v.6)
020 _a8400073584 (v. 7)
020 _a8400075137 (t. 8)
020 _a8400078535(v.9)
020 _a840008005x(v.10)
040 _aDO-SdBNP
_bspa
_cBNPHU
100 1 _aAguilar Piñal, Francisco.
_918884
245 1 0 _aBibliografía de autores españoles del siglo xviii /
_cFrancisco Aguilar Piñal.
260 _aMadrid :
_bConsejo Superior de Investigaciones Científicas Ñ
_bInstituto "Miguel de Cervantes",
_c1981.
300 _av. ;
_c25 cm.
500 _aIncluye índice
500 _aIncluye datos biográficos del autor en la solapa
505 0 _gv.1 .
_tA-B
_gv. 4
_tG-K
_gv. 6
_tN-Q
_gv.7
_tR-S
_gv. 9
_tAnónimos 1
_gv.10
_tAnónimos II
710 2 _aConsejo Superior de Investigaciones Científicas (Spain)
_987410
710 2 _aInstituto "Miguel de Cervantes",
_987411
942 _2ddc
_cLBS1
999 _c36860
_d36860